000 00399nam a2200145 i 4500
001 55420
003 ES-MaACL
007 t|
008 030919s1984 sp ||||1| spa d
245 0 3 _aEl derecho de reunión.
250 _a[1ª ed.].
260 _a[Madrid] :
_bMinisterio del Interior, Secretaría General Técnica,
_c[1984]
300 _a327 p. ;
_c21 cm.
852 _aES-MaACL
_jL-7652
_bR.108159
999 _c55420
_d55420